| Tag |
First Indicator |
Second Indicator |
Subfields |
| LEADER |
00000cam a2200000 a 4500 |
| 001 |
in00000085965 |
| 005 |
20151008064400.0 |
| 008 |
810714s1980 enk b 00110 eng d |
| 020 |
|
|
|a 0851573088 (U.K.)
|
| 020 |
|
|
|a 0896644421 (U.S.)
|
| 035 |
|
|
|a (OCoLC)07583529
|
| 035 |
|
|
|9 AAK4074AM
|
| 040 |
|
|
|a WAU
|c WAU
|d TXA
|d UtOrBLW
|
| 049 |
|
|
|a TXAM
|c [1655213]
|
| 090 |
|
|
|a Z678.85
|b .B4
|
| 100 |
1 |
|
|a Blagden, John.
|
| 245 |
1 |
0 |
|a Do we really need libraries? :
|b an assessment of approaches to the evaluation of the performance of libraries /
|c John Blagden.
|
| 264 |
|
1 |
|a New York :
|b K.G. Saur ;
|a London :
|b Bingley,
|c 1980.
|
| 300 |
|
|
|a 162 pages ;
|c 22 cm.
|
| 336 |
|
|
|a text
|b txt
|2 rdacontent
|
| 337 |
|
|
|a unmediated
|b n
|2 rdamedia
|
| 338 |
|
|
|a volume
|b nc
|2 rdacarrier
|
| 500 |
|
|
|a Includes index.
|
| 504 |
|
|
|a Bibliography: pages 147-157.
|
| 650 |
|
0 |
|a Libraries
|x Evaluation.
|
| 999 |
|
|
|a MARS
|
| 999 |
f |
f |
|s 3c76fea2-1229-38a4-b30b-3ffa8398f040
|i 6cda66ea-9589-34cf-8ebe-7dae8f51bf6a
|t 0
|
| 952 |
f |
f |
|p ric
|a Texas A&M University
|b Rellis Campus
|c Joint Library Facility
|d Remote Storage
|t 0
|e Z678.85 .B4
|h Library of Congress classification
|i unmediated -- volume
|m A14806262380
|
| 998 |
f |
f |
|a Z678.85 .B4
|t 0
|l Remote Storage
|